Дело по сообщенному министром финансов высочайшему повелению, о рассрочке помещикам: Есимонтовскому, Осинову и Левковичу платежа...

Доступно только в Электронных читальных залах Найти на картеНа карте
RUSMARC
00004541nmc2a22000003x 450
001d77707b8-039b-431c-9007-99b5e51e6571
00520180529102417.0
100##$a20160301l18431844k l0rusy0189 ca
1010#$arus
102##$aRU
2001#$aДело по сообщенному министром финансов высочайшему повелению, о рассрочке помещикам: Есимонтовскому, Осинову и Левковичу платежа недоимок, накопившихся на имениях их в значительном количестве и о бездействии губернских начальств во взыскании означенных недоимок
$j20 декабря 1843 г. - 8 июня 1844 г.
251##$cДело
300##$aДело
300##$aОриг. заголовок дела: Дело по отношению господина министра финансов о бездействии губернских начальств во взыскании недоимок, числящихся на помещиках: Есимонтовском, Осипове и Левковиче и о неослабном взыскании недоимок в помещичьих имениях. 20 декабря 1843 г. - 8 июня 1844 г
801#0$aRU
$bРГИА
$c20160301
$gRCR
801#1$aRU
$bГлавНИВЦ
$c20160301
$2rusmarc
801#2$aRU
$bПБ им. Б.Н. Ельцина
$c20180529
$gRCR
$2rusmarc
850##$aРГИА
852##$aРГИА
$eФедеральное казенное учреждение "Российский государственный исторический архив" (РГИА)
$j1194
937##$hРГИА
$d12197643
$aASBIBLIO_SCAN
462#0$1001e71f34c7-6ba6-4504-897e-253c950c25bd
$12001
$a1841-1843 гг. Дела Департамента полиции исполнительной МВД за 1843 г.
$1251
$cОпись
$1852
$j8
461#0$10013e300ed0-cd39-49af-8489-5ba5b90fa401
$12001
$aДепартамент полиции исполнительной МВД
$1251
$cФонд
$1852
$j1286
215##$a61 л.
$d36,5х26 см
371##$aДокумент не является опубликованным и широко распространяемым
105##$ay###
1222#$ad
5171#$aДело по отношению господина министра финансов о бездействии губернских начальств во взыскании недоимок, числящихся на помещиках: Есимонтовском, Осипове и Левковиче и о неослабном взыскании недоимок в помещичьих имениях. 20 декабря 1843 г. - 8 июня 1844 г
035##$ad77707b8-039b-431c-9007-99b5e51e6571
856##$uhttp://readingroom.main.prlib.ru/item.aspx?id_node=n115536079&mode=full
Формат отображения